Meranie miestnej trvalej udržateľnosti v európskom kontexte
Cieľ príspevku - na základe teoretických východísk, týkajúcich sa udržateľného rozvoja a interpretácie indikátorov na jeho meranie so zameraním na miestnu úroveň, prezentovať medzinárodné iniciatívy, ktorých výsledkom bolo zostavenie testovacej sady spoločných európskych indikátorov trvalo udržateľn...
Salvato in:
| Autore principale: | |
|---|---|
| Natura: | Capitolo di libro |
| Lingua: | slovacco |
| Soggetti: | |
| Tags: |
Nessun Tag, puoi essere il primo ad aggiungerne!!
|
MARC
| LEADER | 00000naa$a2200000$$$4500 | ||
|---|---|---|---|
| 001 | 0005092 | ||
| 005 | 20231003112940.8 | ||
| 041 | 0 | |a slo | |
| 044 | |a SK | ||
| 245 | 1 | 0 | |a Meranie miestnej trvalej udržateľnosti v európskom kontexte |c aut. Dana Švihlová |
| 520 | |a Cieľ príspevku - na základe teoretických východísk, týkajúcich sa udržateľného rozvoja a interpretácie indikátorov na jeho meranie so zameraním na miestnu úroveň, prezentovať medzinárodné iniciatívy, ktorých výsledkom bolo zostavenie testovacej sady spoločných európskych indikátorov trvalo udržateľného rozvoja pre mestá. | ||
| 610 | 2 | 0 | |a rozvoj trvalo udržateľný |
| 610 | 2 | 0 | |a mestá |
| 610 | 2 | 0 | |a Európa |
| 610 | 2 | 0 | |a ukazovatele |
| 100 | 1 | |a Švihlová, Dana | |